| 000 | 00886cam a22002537a 4500 | ||
|---|---|---|---|
| 003 | MX-MxUPN | ||
| 005 | 20230912063613.0 | ||
| 008 | 230817s1990 mx|a|||br ||| 000 j spa d | ||
| 020 | _a9682924901 | ||
| 040 |
_aMX-MxUPN _bspa |
||
| 050 | 4 |
_aPZ66.3 _bY48 1990 |
|
| 100 | 1 |
_949926 _aYerchoff, Piotr Pavlovich, _d1815-1869 |
|
| 245 | 1 | 3 | _aEl caballito jorobado |
| 250 | _aTercera edición | ||
| 260 |
_aMéxico : _bConsejo Nacional para la Cultura y las Artes, _c1990 |
||
| 300 |
_a26 páginas : _bilustraciones a color |
||
| 490 | 0 | _aBiblioteca de chapulín | |
| 650 | 0 |
_9234 _aAnimales _vCuentos y leyendas |
|
| 650 | 7 |
_aCuentos infantiles rusos _2 _913099 |
|
| 700 | 1 |
_934886 _aBeloff, Angelina, _d1879-1969 _eilustración _etranscripción |
|
| 700 | 1 |
_913832 _aCueto, Germán, _d1893-1975 _etranscripción |
|
| 902 |
_aLC17082023 _bVíctorGodínez/110923 |
||
| 942 |
_2lcc _cLIBRO |
||
| 999 |
_c210090 _d210090 |
||